Oceania capitals on a map - Statistics

General Stats
  • This quiz has been taken 338 times
    325 since last reset
  • The average score is 9 of 14
Answers on the Map
Answers color-coded by a green-red scale on the quiz's map according to % correct below.
 
Answer Stats
Answer % Correct
Canberra
94%
Wellington
86%
Port Moresby
78%
Suva
69%
Port Vila
61%
Apia
59%
Funafuti
57%
Ngerulmud
57%
Nuku'alofa
53%
Honiara
51%
Majuro
51%
Tarawa / South Tarawa
51%
Yaren
51%
Palikir
49%
No matching quizzes found
Score Distribution
Percent of People with Each Score
Percentile by Number Answered
Your Score History
You have not taken this quiz since the last reset